Statistics for Famous Movie Scenes #2

Click here to take the quiz!

General Stats

  • This quiz has been taken 32,383 times
  • The average score is 13 of 20

Answer Stats

Scene Movie % Correct
Ape tries to swat airplanes while climbing a buildingKing Kong
96%
Man on a bench holds a box of chocolatesForrest Gump
95%
Woman and man sensually share a pottery wheelGhost
81%
Two dogs kiss after trying to eat the same noodleLady and the Tramp
81%
Man steals artifact by replacing it with a bag of (almost) equally weighted sandRaiders of the Lost Ark
77%
Woman twirls and sings as she frolics across Alpine meadowsThe Sound of Music
77%
Singing man twirls around a lampostSingin' in the Rain
76%
Jogging man is pursued by children. He runs up some steps and
raises his arms in triumph
Rocky II
74%
Girl in bed spins her head around 360 degreesThe Exorcist
72%
Jews are being taken from their homes. Everything is black and white
except for a little girl's red coat
Schindler's List
71%
Prisoner is transported strapped to a gurney with a mask across his faceThe Silence of the Lambs
66%
Woman at a diner fakes orgasmWhen Harry Met Sally
59%
Chariot racer has spiked wheels that damage his opponent's wheelsBen-Hur
55%
Man falls to his knees and curses at the sight of the ruined Statue of LibertyThe Planet of the Apes
54%
A fiery whip lashes onto a bearded man's ankle and drags him into the abyssThe Lord of the Rings:
The Fellowship of the Ring
45%
Athlete in a locker room makes his agent uncomfortable by
"air drying" after a shower
Jerry Maguire
42%
Right-handed swordsmen fight each other left-handedThe Princess Bride
41%
Snow globe slips from the hand of a dying man and crashes on the floorCitizen Kane
34%
A plastic bag dances in the windAmerican Beauty
32%
Man in a field is attacked by a crop-duster planeNorth by Northwest
31%

Score Distribution

Percentile by Number Answered

Percent of People with Each Score

Your Score History

You have not taken this quiz